[Event "DEN-ch M5"]
[Site "Koge"]
[Date "2004.??.??"]
[Round "2"]
[White "Christensen, Thomas"]
[Black "Vidriksen, Jesper Maul"]
[Result "1-0"]
[WhiteElo "2235"]
[BlackElo "2089"]
[PlyCount "67"]
[EventDate "2004.04.08"]
[EventType "swiss"]
[EventRounds "5"]
[EventCountry "DEN"]
[SourceTitle "EXT 2018"]
[Source "ChessBase"]
[SourceDate "2017.10.13"]
[SourceVersion "1"]
[SourceVersionDate "2017.10.13"]
[SourceQuality "1"]

1. c4 Nf6 2. Nf3 e6 3. g3 c5 4. Bg2 Nc6 5. 0-0 d5 6. b3 Be7 7. e3 0-0 8. d4 cxd4 9. exd4 Ne4 10. Bb2 Bf6 11. Nbd2 Qa5 12. Nxe4 dxe4 13. Ne1 Nxd4 14. Bxd4 Rd8 15. Nc2 e5 16. Bxe4 exd4 17. Qd3 Qh5 18. Rfe1 Bg4 19. Bxb7 Rab8 20. Be4 Rb6 21. f3 Bh3 22. Re2 Be5 23. f4 Bxf4 24. gxf4 Qg4+ 25. Kh1 f5 26. Bg2 Bxg2+ 27. Rxg2 Qxf4 28. c5 Re6 29. Qc4 Qe4 30. Re1 Kf8 31. Rxe4 Rxe4 32. Rf2 g6 33. Qd3 Kg7 34. b4 1-0

[Event "DEN-ch M5"]
[Site "Koge"]
[Date "2004.??.??"]
[Round "1"]
[White "Vidriksen, Jesper Maul"]
[Black "Hejberg, Carsten"]
[Result "1-0"]
[WhiteElo "2089"]
[BlackElo "2064"]
[PlyCount "81"]
[EventDate "2004.04.08"]
[EventType "swiss"]
[EventRounds "5"]
[EventCountry "DEN"]
[SourceTitle "EXT 2018"]
[Source "ChessBase"]
[SourceDate "2017.10.13"]
[SourceVersion "1"]
[SourceVersionDate "2017.10.13"]
[SourceQuality "1"]

1. e4 d6 2. d4 Nf6 3. Nc3 c6 4. Nf3 Bg4 5. Be2 e6 6. 0-0 Be7 7. h3 Bxf3 8. Bxf3 d5 9. Bf4 0-0 10. Qd3 dxe4 11. Nxe4 Nbd7 12. c4 Nxe4 13. Bxe4 Nf6 14. Bf3 h6 15. Rad1 Bd6 16. Be5 Qe7 17. Rfe1 Rfd8 18. Qe3 Bxe5 19. dxe5 Nd7 20. Rd4 Nb6 21. Red1 Rxd4 22. Qxd4 Rc8 23. Be4 g6 24. b3 Rc7 25. Qe3 Kg7 26. Rd6 Nc8 27. Qd3 Qg5 28. Qd4 Qc1+ 29. Kh2 c5 30. Qd2 Qa1 31. f4 Nxd6 32. exd6 Rd7 33. Bxb7 Qd4 34. Qxd4+ cxd4 35. c5 d3 36. Bf3 d2 37. b4 a6 38. a4 Kf8 39. Kg3 Rb7 40. c6 Rxb4 41. c7 1-0